Vista normal Vista MARC

Entrada Materia (personas)

Número de registros utilizados en: 1

001 - CONTROL NUMBER

  • control field: 181636

003 - CONTROL NUMBER IDENTIFIER

  • control field: Co-BoUCM

005 - DATE AND TIME OF LATEST TRANSACTION

  • control field: 20240716114539.0

008 - FIXED-LENGTH DATA ELEMENTS

  • fixed length control field: 240716|| aca||aabn | a|a d

040 ## - CATALOGING SOURCE

  • Original cataloging agency: Co-BoUCM
  • Transcribing agency: Co-BoUCM

100 ## - HEADING--PERSONAL NAME

  • Personal name: Kinget, G. Marian

670 ## - SOURCE DATA FOUND

  • Source citation: Work cat.: (Co-BoUCM)8066: Rogers, Carl. 181633, Psicoterapia y relaciones humanas teoría y práctica de la terapia no dirigida, 1971